LEADER 01053nam a2200229 i 4500 001 000000222088 003 CaOOAMICUS 005 20130902000000.0 008 130902s1869 xx u000 u eng u 013 $a200985 040 $aSeMil$bita 245 14$aThe Oecumenical Council and the infallibility of the Roman Pontiff :$ba pastoral letter to the clergy & c /$cby Henry Edward Archbishop of Westminster. 250 $a2. ed. 260 $aLondon :$bLongmans, Green and Co.,$c1869. 300 $a151 p. ;$c23 cm. 650 4$aChiesa Anglicana - Storia.$0(OLS)http://semarc/subject/6162 650 4$aPapa - Infallibilità.$0(OLS)http://semarc/subject/9211 850 $aSeMil 852 $aSeMil$W1$xVenegono$y1$m2K III 125 FA$j172434$B172434$CSeMilBibl$Z2$F182848 $8I 961 $aRecupero: Stoppani Pietro 996 $6245$aThe Oecumenical Council and the infallibility of the Roman Pontiff :$ba pastoral letter to the clergy & c$9(OLS)http://semarc/title/318375 996 $6260$aLondon :$bLongmans, Green and Co.$9(OLS)http://semarc/publisher/38466 LEADER 00899nam a2200217 4500 001 000000342349 003 CaOOAMICUS 005 20200928000000.0 008 200928s1967 fr 000 u fre r 040 $aSeMil$bita 245 10$a1: Les soucis des païens. 264 1$aParis :$bDelachaux et Niestlé,$c1967. 300 $a124 p. ;$c18 cm 700 1 $aKierkegaard, Søren,$d<1813-1855>.$0(OLS)http://semarc/name/652 773 0 $aKierkegaard, Søren <1813-1855>$tDiscours chrétiens.$dParis : Delachaux et Niestlé, 1967-1972.$w()342348 830 0$aFoi vivante ;$v63.$0(OLS)http://semarc/title/11652 850 $aSeMil 852 $aSeMil$W1$xVenegono$y1$m2P I 335$j266514$B233316$CSeMilBibl$Z2$F233316 $81 996 $6245$a1: Les soucis des païens$9(OLS)http://semarc/title/431193 996 $6264$aParis :$bDelachaux et Niestlé$9(OLS)http://semarc/publisher/32644